Sports Quiz

Random Sports or NFL Quiz
Score 0/53 Timer 10:00
0 Plays Today
Hint Answer % Correct
OFFENSESteve Young
100%
OFFENSEJoe Montana
100%
OFFENSEJerry Rice
99.4%
DEFENSEBryant Young
98.7%
OFFENSEFrank Gore
93%
DEFENSERonnie Lott
89.2%
OFFENSERoger Craig
86.7%
OFFENSETerrell Owens
86.1%
OFFENSEVernon Davis
81%
DEFENSEJustin Smith
79.7%
SPECIAL TEAMSTommy Davis
79.7%
OFFENSEDwight Clark
77.2%
DEFENSECharles Haley
76.6%
OFFENSEYA Tittle
74.7%
DEFENSEPatrick Willis
74.7%
OFFENSEJohn Taylor
72.2%
OFFENSEBrent Jones
72.2%
DEFENSEJimmy Johnson
71.5%
DEFENSEBruce Taylor
71.5%
DEFENSENaVorro Bowman
62%
OFFENSEJoe Perry
60.1%
OFFENSEJoe Staley
60.1%
DEFENSEDana Stubblefield
53.8%
DEFENSEKen Norton
48.1%
OFFENSERandy Cross
46.8%
SPECIAL TEAMSAndy Lee
45.6%
DEFENSEMerton Hanks
44.3%
Hint Answer % Correct
OFFENSEGene Washington
43.7%
OFFENSEHugh McElhenny
41.8%
DEFENSEFred Dean
40.5%
DEFENSEMichael Carter
39.2%
SPECIAL TEAMSDexter Carter
39.2%
OFFENSEBob St. Clair
38%
OFFENSEJesse Sapolu
36.7%
DEFENSEEric Wright
36.1%
DEFENSETim McDonald
35.4%
OFFENSEHarris Barton
34.8%
DEFENSEDave Wilcox
34.8%
OFFENSEGuy McIntyre
32.3%
DEFENSELeo Nomellini
29.1%
DEFENSEKeena Turner
27.8%
OFFENSEKen Willard
27.2%
DEFENSEDwight Hicks
24.7%
DEFENSEAbe Woodson
19%
OFFENSEKeith Fahnhorst
17.7%
DEFENSEDon Griffin
17.7%
OFFENSEFred Quillan
17.1%
DEFENSECharlie Krueger
17.1%
OFFENSEJohn Ayers
13.3%
DEFENSETommy Hart
10.8%
DEFENSEMel Phillips
6.3%
OFFENSEWoody Peoples
5.7%
DEFENSEMatt Hazeltine
5.1%
Remove Ads.
Support Sporcle.
Get the best of Sporcle when you Go Orange. This ad-free experience offers more features, more stats, and more fun while also helping to support Sporcle. Thank you for becoming a member.

You're not logged in!

Compare scores with friends on all Sporcle quizzes.
OR
Log In

Show Comments

Extras

Top Quizzes Today


Score Distribution

Your Account Isn't Verified!

In order to create a playlist on Sporcle, you need to verify the email address you used during registration. Go to your Sporcle Settings to finish the process.

Report this User

Report this user for behavior that violates our Community Guidelines.

Details: